| 000 | 00848nam a22001815i 4500 | ||
|---|---|---|---|
| 001 | 162086 | ||
| 003 | ES-MaACL | ||
| 005 | 20230906212426.0 | ||
| 008 | 020124s1859 sp |||| | spa d | ||
| 040 |
_aCAM _bspa _cCAM |
||
| 100 | 0 |
_aPicón, José. _991876 |
|
| 245 | 1 | 3 |
_aEl solteron _b: tipo cómico, en un acto y en verso / _coriginal de José Picon. |
| 260 |
_aMadrid : _b[s.n.], _c1859 ( _fImprenta de José Rodriguez) |
||
| 300 |
_a33 p. ; _c20 cm. |
||
| 500 | _aEn port.: Estrenado en el teatro del Principe, la noche del 15 de marzo de 1859. | ||
| 596 | _aEn verso de la port. consta: "... la galeria dramática y lírica titulada El Teatro ..." | ||
| 852 |
_aES-MaACL _jF-8632(1) _z-- Enc. pasta española _q-- Falto de la cub. original _z-- Enc. en un vol. facticio formando parte de la col. facticia "Teatro español moderno", vol. 87 |
||
| 999 |
_c162086 _d162086 |
||